| 000 | 00000nam 2200000za 4500 |
| 001 | 9.808501 |
| 003 | CaOODSP |
| 005 | 20240925091302 |
| 007 | cr ||||||||||| |
| 008 | 160229s2015 pic|||||o f00| 0 eng d |
| 020 | |a978-0-660-04088-2 |
| 040 | |aCaOODSP|beng |
| 043 | |an-cn--- |
| 086 | 1 |aV32-260/2016E-PDF |
| 245 | 00|aCanadian Armed Forces veterans |h[electronic resource] : |bmental health findings from the 2013 Life After Service Survey. |
| 260 | |aCharlottetown, Prince Edward Island : |bVeterans Affairs Canada, |c[2015]. |
| 300 | |a114 p. : |btables, figs., graphs. |
| 490 | 1 |aVAC Research Directorate technical report |
| 500 | |a19 March 2015. |
| 504 | |aIncludes bibliographical references. |
| 692 | 07|2gccst|aVeterans |
| 692 | 07|2gccst|aMental health |
| 710 | 1 |aCanada. |bVeterans Affairs Canada. |bResearch Directorate. |
| 830 | #0|aTechnical report (Canada. Veterans Affairs Canada. Research Directorate)|w(CaOODSP)9.844433 |
| 856 | 40|qPDF|s1.80 MB|uhttps://publications.gc.ca/collections/collection_2016/acc-vac/V32-260-2016-eng.pdf |